[Event "BCF-chT3Sb 1718 (4NCL)"]
[Site "England"]
[Date "2018.02.10"]
[Round "5.54"]
[White "Millward, Kevin P"]
[Black "Amato, Giampiero"]
[Result "0-1"]
[WhiteElo "2048"]
[BlackElo "2114"]
[PlyCount "130"]
[EventDate "2017.11.11"]
[EventType "team-tourn"]
[EventRounds "11"]
[EventCountry "ENG"]
[SourceTitle "EXT 2020"]
[Source "ChessBase"]
[SourceDate "2019.10.17"]
[SourceVersion "1"]
[SourceVersionDate "2019.10.17"]
[SourceQuality "1"]
[WhiteTeam "Fermented Sharks"]
[BlackTeam "CSC Dragons"]
[WhiteTeamCountry "ENG"]
[BlackTeamCountry "ENG"]

1. d4 Nf6 2. Bf4 g6 3. e3 Bg7 4. Nf3 0-0 5. Be2 d6 6. 0-0 Nc6 7. h3 Nd7 8. c4 e5 9. Bg3 exd4 10. exd4 Nf6 11. Nc3 d5 12. Nb5 Ne8 13. cxd5 Qxd5 14. Ne5 Nxe5 15. dxe5 Be6 16. Qxd5 Bxd5 17. Rfd1 c6 18. Nc3 Be6 19. Ne4 Nc7 20. Nc5 Nd5 21. a3 Rab8 22. Bf3 Rfd8 23. Rac1 Bh6 24. Rc2 Bf8 25. Ne4 Be7 26. Rcd2 Rbc8 27. Nd6 Rc7 28. b4 Rcd7 29. Rc2 Nb6 30. Rcc1 Bb3 31. Rd3 Bd5 32. Bxd5 Nxd5 33. b5 Bf8 34. bxc6 bxc6 35. Rxc6 Ne7 36. Ra6 Nf5 37. Bh2 Rb8 38. Bf4 Rb1+ 39. Kh2 Rb2 40. Rd2 Rxd2 41. Bxd2 Nxd6 42. exd6 Rxd6 43. Rxd6 Bxd6+ 44. Kg1 Bxa3 45. Kf1 Kf8 46. Ke2 Bc5 47. f3 Ke7 48. Kd3 Kd6 49. Kc4 Kc6 50. g4 Bf2 51. Bb4 Be3 52. Be1 Bf4 53. Bf2 a6 54. Bc5 Bd2 55. Be7 a5 56. Bf8 Bf4 57. Bg7 Bd6 58. Bc3 a4 59. Bd4 Ba3 60. Be3 Bb2 61. Bf2 a3 62. Kb3 Kd5 63. Be3 Bd4 64. Bc1 Bc5 65. Kc3 a2 0-1

[Event "BCF-chT3Sb 1718 (4NCL)"]
[Site "England"]
[Date "2018.01.13"]
[Round "3.64"]
[White "Tucker, David Sidney"]
[Black "Millward, Kevin P"]
[Result "1-0"]
[WhiteElo "1977"]
[BlackElo "2048"]
[PlyCount "123"]
[EventDate "2017.11.11"]
[EventType "team-tourn"]
[EventRounds "11"]
[EventCountry "ENG"]
[SourceTitle "EXT 2020"]
[Source "ChessBase"]
[SourceDate "2019.10.17"]
[SourceVersion "1"]
[SourceVersionDate "2019.10.17"]
[SourceQuality "1"]
[WhiteTeam "Brown Jack"]
[BlackTeam "Fermented Sharks"]
[WhiteTeamCountry "ENG"]
[BlackTeamCountry "ENG"]

1. e4 d5 2. exd5 Qxd5 3. Nc3 Qd6 4. d4 Nf6 5. Nf3 Bg4 6. h3 Bh5 7. g4 Bg6 8. Ne5 c6 9. Bf4 Qd8 10. Bg2 Nd5 11. Nxd5 cxd5 12. 0-0 Be4 13. Bxe4 dxe4 14. c3 f6 15. Qa4+ Nd7 16. Nxd7 Qxd7 17. Qxd7+ Kxd7 18. Rfe1 h5 19. Rxe4 e6 20. Rae1 Re8 21. Bg3 hxg4 22. hxg4 g5 23. Kg2 Bd6 24. f4 gxf4 25. Bxf4 b5 26. Rf1 Rhf8 27. Bxd6 Kxd6 28. Ref4 Rg8 29. Rh1 Re7 30. Rh5 f5 31. Kg3 Reg7 32. Rh4 Kd5 33. Kf3 fxg4+ 34. Rhxg4 Rxg4 35. Rxg4 Rf8+ 36. Ke3 Rf1 37. Rg5+ Kc6 38. Rc5+ Kb6 39. Re5 Rb1 40. Rxe6+ Kb7 41. Kd3 Rxb2 42. Re2 Rb1 43. Kc2 Ra1 44. Kb2 Rd1 45. a3 Kb6 46. Re6+ Kb7 47. Re5 Kb6 48. Rh5 a6 49. Rh6+ Kb7 50. Rd6 Rg1 51. Re6 Rd1 52. Re2 Kb6 53. Kb3 Rb1+ 54. Rb2 Rf1 55. a4 Rd1 56. axb5 axb5 57. Kc2 Rg1 58. c4 Rg2+ 59. Kc3 Rxb2 60. c5+ Ka5 61. Kxb2 b4 62. c6 1-0

[Event "London Classic op"]
[Site "London"]
[Date "2017.12.06"]
[Round "6"]
[White "Ilfeld, Etan"]
[Black "Millward, Kevin P"]
[Result "1/2-1/2"]
[WhiteElo "2186"]
[BlackElo "2035"]
[PlyCount "159"]
[EventDate "2017.12.02"]
[EventType "swiss"]
[EventRounds "9"]
[EventCountry "ENG"]
[SourceTitle "CBM 182 Extra"]
[Source "ChessBase"]
[SourceDate "2018.02.23"]
[SourceVersion "1"]
[SourceVersionDate "2018.02.23"]
[SourceQuality "1"]

1. e4 d5 2. exd5 Qxd5 3. Nc3 Qd6 4. Nf3 Nf6 5. Nb5 Qb6 6. d4 c6 7. Na3 g6 8. Nc4 Qc7 9. Nce5 Bg7 10. Bf4 Nh5 11. Be3 Nd7 12. Nd3 Ndf6 13. g3 Nd5 14. Bd2 Bg4 15. c3 Rd8 16. Bg2 Bf5 17. Nde5 Nhf6 18. Qe2 Ne4 19. Bc1 Qa5 20. 0-0 Nd6 21. Re1 0-0 22. a3 Qc7 23. Nh4 Be6 24. Bd2 Nb6 25. Rac1 Bd5 26. Bh3 Bb3 27. Nd3 e6 28. Nf3 Bc4 29. Bf1 a5 30. Nfe5 Ba6 31. b3 Nf5 32. Qf3 a4 33. Bf4 Qe7 34. b4 Nc4 35. Nc5 Nxe5 36. Bxe5 Bxf1 37. Bxg7 Kxg7 38. Kxf1 b6 39. Ne4 Nd6 40. Nd2 Rc8 41. Qd1 Qa7 42. Qe2 Qd7 43. Qe5+ Kg8 44. Rcd1 Rce8 45. h4 f6 46. Qe3 Nb5 47. Nb1 Qd5 48. Kg1 Nd6 49. Nd2 Kg7 50. Qe2 b5 51. Ne4 Nxe4 52. Qxe4 h5 53. Rd3 Rf7 54. Rde3 Qxe4 55. Rxe4 Rfe7 56. f4 Kf7 57. Kf2 Rd7 58. Kf3 Rd5 59. R1e3 g5 60. fxg5 fxg5 61. Re5 gxh4 62. gxh4 Kf6 63. R3e4 Rxe5 64. Rxe5 Ke7 65. Rxh5 Rf8+ 66. Kg4 Rf1 67. Rc5 Rg1+ 68. Kh3 Ra1 69. Rxc6 Rxa3 70. Kg4 Ra1 71. Kg3 Rc1 72. Kg2 a3 73. Ra6 Rc2+ 74. Kf3 Rxc3+ 75. Ke4 Rh3 76. Ke5 Re3+ 77. Kf4 Rh3 78. Ke5 Re3+ 79. Kf4 Rh3 80. Ke5 1/2-1/2

[Event "London Classic op"]
[Site "London"]
[Date "2017.12.05"]
[Round "5"]
[White "Millward, Kevin P"]
[Black "Sumit, Kumar1"]
[Result "1/2-1/2"]
[WhiteElo "2035"]
[BlackElo "2176"]
[PlyCount "64"]
[EventDate "2017.12.02"]
[EventType "swiss"]
[EventRounds "9"]
[EventCountry "ENG"]
[SourceTitle "CBM 182 Extra"]
[Source "ChessBase"]
[SourceDate "2018.02.23"]
[SourceVersion "1"]
[SourceVersionDate "2018.02.23"]
[SourceQuality "1"]

1. d4 d5 2. Bf4 Nf6 3. e3 c5 4. c3 Nc6 5. Nd2 cxd4 6. exd4 Bf5 7. Qb3 Qc8 8. Ngf3 e6 9. h3 Be7 10. Be2 0-0 11. 0-0 h6 12. Rfe1 a6 13. a4 Nd7 14. Rac1 Na5 15. Qd1 Nb6 16. b4 Nac4 17. a5 Nxd2 18. Nxd2 Nc4 19. Nxc4 dxc4 20. Qa4 Be4 21. Qd1 Qc6 22. f3 Bd5 23. Qd2 Bh4 24. Rf1 Rad8 25. Bd1 f6 26. Bxh6 e5 27. Be3 f5 28. f4 exd4 29. Bxd4 Bf6 30. Bxf6 Qxf6 31. Qf2 Be4 32. Bc2 Rfe8 1/2-1/2

[Event "London Classic op"]
[Site "London"]
[Date "2017.12.04"]
[Round "4"]
[White "Dunn, Maxim"]
[Black "Millward, Kevin P"]
[Result "0-1"]
[WhiteElo "1757"]
[BlackElo "2035"]
[PlyCount "72"]
[EventDate "2017.12.02"]
[EventType "swiss"]
[EventRounds "9"]
[EventCountry "ENG"]
[SourceTitle "CBM 182 Extra"]
[Source "ChessBase"]
[SourceDate "2018.02.23"]
[SourceVersion "1"]
[SourceVersionDate "2018.02.23"]
[SourceQuality "1"]

1. c4 e5 2. g3 Nc6 3. Nc3 d6 4. Bg2 g6 5. e4 Bg7 6. Nge2 Nge7 7. d3 0-0 8. 0-0 Be6 9. Be3 h6 10. Nd5 Nd4 11. b4 c6 12. Ndc3 Qd7 13. a4 f5 14. Bxd4 exd4 15. exf5 Bxf5 16. Ne4 Kh7 17. Rc1 Rad8 18. c5 Bxe4 19. Bxe4 dxc5 20. h4 cxb4 21. h5 Qg4 22. Rc5 Kh8 23. hxg6 b6 24. Rc1 c5 25. Qd2 Rd6 26. Nf4 Rdf6 27. Kh2 Rxf4 28. gxf4 Rxf4 29. f3 Qg5 30. Qg2 Rh4+ 31. Kg1 Qe3+ 32. Qf2 Qg5+ 33. Qg2 Qf4 34. Ra1 Rh5 35. Qf2 Be5 36. Ra2 Rh3 0-1

[Event "EU-Cup 33rd"]
[Site "Antalya"]
[Date "2017.10.11"]
[Round "4.3"]
[White "Kokkila, Tero"]
[Black "Millward, Kevin P"]
[Result "1-0"]
[WhiteElo "2290"]
[BlackElo "2049"]
[PlyCount "87"]
[EventDate "2017.10.08"]
[EventType "team-swiss"]
[EventRounds "7"]
[EventCountry "TUR"]
[SourceTitle "CBM 181"]
[Source "ChessBase"]
[SourceDate "2017.11.10"]
[SourceVersion "1"]
[SourceVersionDate "2017.11.10"]
[SourceQuality "1"]
[WhiteTeam "Etela Vantaan"]
[BlackTeam "Viking"]
[WhiteTeamCountry "FIN"]
[BlackTeamCountry "ISL"]

1. d4 g6 2. e4 Bg7 3. Nc3 d6 4. f4 a6 5. Nf3 b5 6. Bd3 Nd7 7. e5 c5 8. Be3 Bb7 9. Be4 Qc8 10. Bxb7 Qxb7 11. dxc5 Nxc5 12. Qd5 Qxd5 13. Nxd5 Rc8 14. 0-0-0 dxe5 15. fxe5 Nh6 16. Rhe1 Ng4 17. Bxc5 Rxc5 18. h3 Nh6 19. Nf6+ Bxf6 20. exf6 e6 21. Rd6 0-0 22. g4 Rfc8 23. Re2 Kf8 24. Red2 Ke8 25. Rxa6 Ng8 26. g5 Rf5 27. Rd3 h6 28. h4 hxg5 29. hxg5 e5 30. Re3 Kf8 31. Nxe5 Rf1+ 32. Kd2 Rf2+ 33. Kd3 Nxf6 34. Rxf6 Rcxc2 35. Rxf7+ Rxf7 36. Kxc2 Rf2+ 37. Kc3 Kg7 38. Nf3 Kf7 39. a3 Rg2 40. b3 Ra2 41. Kb4 Ra1 42. Re5 Rf1 43. Nd4 Rf4 44. Kc5 1-0

[Event "EU-Cup 33rd"]
[Site "Antalya"]
[Date "2017.10.09"]
[Round "2.3"]
[White "Millward, Kevin P"]
[Black "Ashton, Adam"]
[Result "0-1"]
[WhiteElo "2049"]
[BlackElo "2347"]
[PlyCount "52"]
[EventDate "2017.10.08"]
[EventType "team-swiss"]
[EventRounds "7"]
[EventCountry "TUR"]
[SourceTitle "CBM 181"]
[Source "ChessBase"]
[SourceDate "2017.11.10"]
[SourceVersion "1"]
[SourceVersionDate "2017.11.10"]
[SourceQuality "1"]
[WhiteTeam "Viking"]
[BlackTeam "3CS Oldham"]
[WhiteTeamCountry "ISL"]
[BlackTeamCountry "ENG"]

1. d4 d5 2. Bf4 Nf6 3. e3 c5 4. c3 Nc6 5. Nd2 Bf5 6. Qb3 Qd7 7. Ngf3 c4 8. Qd1 e6 9. a4 Bd6 10. b3 cxb3 11. Qxb3 Bxf4 12. exf4 0-0 13. Ne5 Qc7 14. Be2 Rac8 15. Nxc6 bxc6 16. g3 c5 17. 0-0 Rb8 18. Qa3 c4 19. Ra2 h6 20. Bd1 Bd3 21. Re1 Ne4 22. Be2 Nxd2 23. Rxd2 Rb3 24. Qa1 Be4 25. Rc1 Rfb8 26. Rdd1 Qd6 0-1

[Event "EU-Cup 33rd"]
[Site "Antalya"]
[Date "2017.10.08"]
[Round "1.3"]
[White "Podlesnik, Bogdan"]
[Black "Millward, Kevin P"]
[Result "1-0"]
[WhiteElo "2372"]
[BlackElo "2049"]
[PlyCount "73"]
[EventDate "2017.10.08"]
[EventType "team-swiss"]
[EventRounds "7"]
[EventCountry "TUR"]
[SourceTitle "CBM 181"]
[Source "ChessBase"]
[SourceDate "2017.11.10"]
[SourceVersion "1"]
[SourceVersionDate "2017.11.10"]
[SourceQuality "1"]
[WhiteTeam "Gambit Asseco See"]
[BlackTeam "Viking"]
[WhiteTeamCountry "MKD"]
[BlackTeamCountry "ISL"]

1. e4 d6 2. d4 g6 3. Nc3 Bg7 4. f4 a6 5. Nf3 b5 6. Bd3 Nd7 7. a4 b4 8. Ne2 d5 9. e5 c5 10. c3 c4 11. Bb1 b3 12. f5 gxf5 13. Bxf5 Nf8 14. Bxc8 Qxc8 15. Nf4 Qc6 16. 0-0 Bh6 17. e6 f6 18. Nh4 0-0-0 19. Qg4 Bg5 20. Re1 h5 21. Qh3 Nh6 22. Nhg6 Rh7 23. Qxh5 Nxg6 24. Nxg6 Bxc1 25. Raxc1 Qe8 26. Re3 Kc7 27. Rg3 f5 28. Re1 Rd6 29. Qh4 Kd8 30. Nf4 Rh8 31. Rh3 Qg8 32. Re5 a5 33. Nxd5 Qg7 34. Nf4 Nf7 35. Qg3 Qxg3 36. Rxh8+ Nxh8 37. hxg3 1-0

[Event "BCF-chT3S 1617 (4NCL) Promotion pool"]
[Site "England"]
[Date "2017.05.01"]
[Round "11.15"]
[White "Millward, Kevin P"]
[Black "Sygnowski, Tomasz"]
[Result "0-1"]
[WhiteElo "2048"]
[BlackElo "2125"]
[PlyCount "134"]
[EventDate "2016.11.26"]
[EventType "team-tourn"]
[EventRounds "11"]
[EventCountry "ENG"]
[SourceTitle "EXT 2019"]
[Source "ChessBase"]
[SourceDate "2018.10.10"]
[SourceVersion "1"]
[SourceVersionDate "2018.10.10"]
[SourceQuality "1"]
[WhiteTeam "Fermented Sharks"]
[BlackTeam "Wood Green"]
[WhiteTeamCountry "ENG"]
[BlackTeamCountry "ENG"]

1. d4 Nf6 2. Bf4 d6 3. e3 g6 4. Nf3 Bg7 5. h3 c5 6. c3 0-0 7. Be2 Nc6 8. Nbd2 cxd4 9. cxd4 Be6 10. 0-0 Qb6 11. Qb1 Rac8 12. a3 Na5 13. b4 Nc4 14. Nxc4 Bxc4 15. Bxc4 Rxc4 16. Rc1 Rfc8 17. Qb2 Qc6 18. Rxc4 Qxc4 19. Nd2 Qc7 20. Qb3 h6 21. Rb1 g5 22. Bg3 Qc2 23. Qxc2 Rxc2 24. Nb3 Ne4 25. Rc1 Ra2 26. Ra1 Re2 27. Na5 Nxg3 28. fxg3 Rxe3 29. Ra2 Bxd4 30. Kf1 b5 31. Nc6 Bb6 32. a4 bxa4 33. Rxa4 Kf8 34. g4 Re4 35. Ra6 Rc4 36. b5 Rc5 37. Nxa7 Bxa7 38. Rxa7 Rxb5 39. Ra8+ Kg7 40. Re8 e6 41. Kf2 Rb3 42. Rd8 d5 43. Ke2 Rb4 44. Ke3 Rf4 45. Re8 f5 46. gxf5 d4+ 47. Kd3 exf5 48. Re2 Kg6 49. Rd2 Kh5 50. Ke2 Kh4 51. Rd3 Re4+ 52. Kf2 Kh5 53. Rb3 Re3 54. Rb5 Kg6 55. Rd5 Re4 56. Rd6+ Kg7 57. Rd7+ Kf6 58. Rd6+ Ke5 59. Rxh6 d3 60. Ra6 d2 61. Ra5+ Kd4 62. Ra8 Re1 63. Rd8+ Kc3 64. Rc8+ Kb4 65. Rb8+ Ka5 66. Ra8+ Kb6 67. Rd8 d1Q 0-1

[Event "BCF-chT3Sb 1617 (4NCL)"]
[Site "England"]
[Date "2017.03.18"]
[Round "7.86"]
[White "Millward, Kevin P"]
[Black "Myall, Ivan J"]
[Result "1-0"]
[WhiteElo "2028"]
[BlackElo "2057"]
[PlyCount "83"]
[EventDate "2016.11.26"]
[EventType "team-tourn"]
[EventRounds "11"]
[EventCountry "ENG"]
[SourceTitle "EXT 2019"]
[Source "ChessBase"]
[SourceDate "2018.10.10"]
[SourceVersion "1"]
[SourceVersionDate "2018.10.10"]
[SourceQuality "1"]
[WhiteTeam "Fermented Sharks"]
[BlackTeam "Anglian Avengers II"]
[WhiteTeamCountry "ENG"]
[BlackTeamCountry "ENG"]

1. d4 Nf6 2. Bf4 d5 3. e3 Bf5 4. Nf3 c6 5. c4 e6 6. Nc3 Nbd7 7. Qb3 Qb6 8. c5 Qxb3 9. axb3 Nh5 10. Bg3 Nxg3 11. hxg3 Be7 12. b4 0-0 13. Kd2 g5 14. b5 e5 15. b4 e4 16. Ne1 Nf6 17. Nc2 cxb5 18. Bxb5 a6 19. Be2 Bd7 20. b5 axb5 21. Bxb5 Bxb5 22. Nxb5 Ng4 23. Ke2 Nf6 24. Rhb1 Rfc8 25. Rxa8 Rxa8 26. Nc3 Ra7 27. Nb4 Bd8 28. Rb2 Kg7 29. Nbxd5 Nxd5 30. Nxd5 Ra3 31. g4 Ba5 32. f3 h5 33. gxh5 exf3+ 34. Kxf3 Ra1 35. Rxb7 Rf1+ 36. Ke4 Kh6 37. g4 Bd2 38. Ne7 Ra1 39. Nf5+ Kh7 40. Rxf7+ Kg8 41. Rg7+ Kh8 42. Rxg5 1-0

[Event "London Classic op 8th"]
[Site "London"]
[Date "2016.12.15"]
[Round "8"]
[White "Millward, Kevin P"]
[Black "Willmoth, Robert"]
[Result "0-1"]
[WhiteElo "2027"]
[BlackElo "2216"]
[PlyCount "138"]
[EventDate "2016.12.09"]
[EventType "swiss"]
[EventRounds "9"]
[EventCountry "ENG"]
[SourceTitle "CBM 176 Extra"]
[Source "ChessBase"]
[SourceDate "2017.03.02"]
[SourceVersion "1"]
[SourceVersionDate "2017.03.02"]
[SourceQuality "1"]

1. d4 d6 2. Bf4 Nd7 3. Nf3 Ngf6 4. e3 Nh5 5. Bg5 h6 6. Bh4 g5 7. Nfd2 Ndf6 8. Be2 Ng7 9. Bg3 Nf5 10. Nf1 h5 11. h3 c5 12. c3 cxd4 13. exd4 Nxg3 14. Nxg3 h4 15. Nf1 Qb6 16. Qb3 Qxb3 17. axb3 d5 18. Ne3 e6 19. Nd2 Bd6 20. Nf3 Rg8 21. Ne5 Ke7 22. Bf3 Bxe5 23. dxe5 Nd7 24. Ng4 f5 25. exf6+ Nxf6 26. 0-0-0 Nxg4 27. Bxg4 b5 28. Rhe1 Kf6 29. Rd3 a5 30. Rde3 Ra6 31. Rf3+ Ke7 32. Rd3 Rd6 33. Rde3 Bd7 34. g3 hxg3 35. fxg3 b4 36. Re5 Kf6 37. R5e3 Rg7 38. Rf1+ Ke7 39. Rfe1 Rb6 40. Kc2 Rf7 41. R1e2 Rf1 42. Re1 Rxe1 43. Rxe1 Be8 44. Kd3 Bf7 45. Ra1 bxc3 46. bxc3 Rxb3 47. Rxa5 Rb6 48. Ra7+ Kf6 49. Ra2 Rc6 50. Rf2+ Ke7 51. Re2 Rc4 52. Kd2 Ra4 53. Re3 Ra2+ 54. Kd3 Kd6 55. Re2 Bg6+ 56. Ke3 Ra3 57. Kd2 Be4 58. Rf2 Ke5 59. Rf8 Ra2+ 60. Ke3 Rg2 61. Re8 Rxg3+ 62. Kf2 Rxc3 63. Rxe6+ Kd4 64. Ra6 Rc2+ 65. Ke1 Ke3 66. Ra3+ Bd3 67. Rxd3+ Kxd3 68. Bf5+ Kc3 69. Bxc2 Kxc2 0-1

[Event "London Classic op 8th"]
[Site "London"]
[Date "2016.12.13"]
[Round "6"]
[White "Rogacewicz, Mikolaj"]
[Black "Millward, Kevin P"]
[Result "0-1"]
[WhiteElo "1765"]
[BlackElo "2027"]
[PlyCount "62"]
[EventDate "2016.12.09"]
[EventType "swiss"]
[EventRounds "9"]
[EventCountry "ENG"]
[SourceTitle "CBM 176 Extra"]
[Source "ChessBase"]
[SourceDate "2017.03.02"]
[SourceVersion "1"]
[SourceVersionDate "2017.03.02"]
[SourceQuality "1"]

1. d4 d6 2. e4 g6 3. c4 Bg7 4. Nc3 e5 5. Nge2 Ne7 6. f3 Nd7 7. Be3 f5 8. dxe5 Nxe5 9. Nd4 0-0 10. Qd2 fxe4 11. Nxe4 Nf5 12. Nxf5 Bxf5 13. Qd5+ Kh8 14. 0-0-0 Bxe4 15. fxe4 Ng4 16. Bd4 Nf2 17. Bxf2 Rxf2 18. Rd2 Bh6 19. Qd4+ Qf6 20. Qxf6+ Rxf6 21. Kc2 Bxd2 22. Kxd2 Rf2+ 23. Kc3 Raf8 24. Bd3 Rxg2 25. a4 Rff2 26. b4 Rxh2 27. Re1 Rh3 28. c5 Rff3 29. Rd1 dxc5 30. bxc5 Kg7 31. Kd4 Rxd3+ 0-1

[Event "London Classic op 8th"]
[Site "London"]
[Date "2016.12.09"]
[Round "1"]
[White "Millward, Kevin P"]
[Black "Bratteteig, Tore Inge"]
[Result "1-0"]
[WhiteElo "2027"]
[BlackElo "1698"]
[PlyCount "137"]
[EventDate "2016.12.09"]
[EventType "swiss"]
[EventRounds "9"]
[EventCountry "ENG"]
[SourceTitle "CBM 176 Extra"]
[Source "ChessBase"]
[SourceDate "2017.03.02"]
[SourceVersion "1"]
[SourceVersionDate "2017.03.02"]
[SourceQuality "1"]

1. d4 Nf6 2. Bf4 e6 3. e3 d5 4. Nf3 Nbd7 5. Bd3 c5 6. c3 c4 7. Bc2 b5 8. Nbd2 a5 9. e4 dxe4 10. Nxe4 Nxe4 11. Bxe4 Ra7 12. Qe2 Be7 13. 0-0 Bb7 14. Rad1 Nf6 15. Bxb7 Rxb7 16. Ne5 Qd5 17. Rfe1 0-0 18. Bg5 Rc8 19. Bxf6 Bxf6 20. Ng4 Be7 21. Ne3 Qc6 22. d5 exd5 23. Nxd5 Bf8 24. Qf3 Kh8 25. Re2 Rd7 26. Red2 Rcd8 27. Qe4 Qe6 28. f3 Bc5+ 29. Kf1 Qh6 30. Ne3 Rxd2 31. Rxd2 Rf8 32. Kf2 Qb6 33. Re2 Rd8 34. Kg3 Qg6+ 35. Qxg6 hxg6 36. Ng4 f6 37. h4 Kg8 38. Nf2 Bxf2+ 39. Kxf2 Kf7 40. g4 Rd5 41. Ke1 Rd3 42. Kf2 Rd5 43. Kg3 Rd3 44. Kf4 Rd5 45. Rh2 Rd3 46. Re2 Rd5 47. Rc2 Ke6 48. Re2+ Kf7 49. Rh2 Rd3 50. Ke4 Ke6 51. Rg2 Rd8 52. Rh2 Rd1 53. Re2 Kf7 54. Kf4 Rd5 55. g5 Rf5+ 56. Kg4 Rd5 57. Rc2 Rd1 58. Kf4 Rd5 59. Ke4 Rd8 60. b3 Ke6 61. bxc4 bxc4 62. Rb2 Rd5 63. Rb6+ Rd6 64. Rxd6+ Kxd6 65. Kd4 Kc6 66. a4 Kd6 67. Kxc4 Kc6 68. Kd4 Kd6 69. c4 1-0

[Event "BCF-chT3Sb 1617 (4NCL)"]
[Site "England"]
[Date "2016.11.27"]
[Round "2.75"]
[White "Millward, Kevin P"]
[Black "Gostelow, David W"]
[Result "1/2-1/2"]
[WhiteElo "2021"]
[BlackElo "1990"]
[PlyCount "22"]
[EventDate "2016.11.26"]
[EventType "team-tourn"]
[EventRounds "11"]
[EventCountry "ENG"]
[SourceTitle "EXT 2019"]
[Source "ChessBase"]
[SourceDate "2018.10.10"]
[SourceVersion "1"]
[SourceVersionDate "2018.10.10"]
[SourceQuality "1"]
[WhiteTeam "Fermented Sharks"]
[BlackTeam "Shropshire"]
[WhiteTeamCountry "ENG"]
[BlackTeamCountry "ENG"]

1. d4 d5 2. Bf4 Nf6 3. e3 c5 4. c3 Nc6 5. Nd2 Qb6 6. Qb3 c4 7. Qc2 g6 8. b3 Bf5 9. Qc1 cxb3 10. axb3 Rc8 11. Qb2 Bg7 1/2-1/2

[Event "BCF-chT3Sb 1617 (4NCL)"]
[Site "England"]
[Date "2016.11.26"]
[Round "1.85"]
[White "Feavyour, John"]
[Black "Millward, Kevin P"]
[Result "0-1"]
[WhiteElo "1963"]
[BlackElo "2021"]
[PlyCount "102"]
[EventDate "2016.11.26"]
[EventType "team-tourn"]
[EventRounds "11"]
[EventCountry "ENG"]
[SourceTitle "EXT 2019"]
[Source "ChessBase"]
[SourceDate "2018.10.10"]
[SourceVersion "1"]
[SourceVersionDate "2018.10.10"]
[SourceQuality "1"]
[WhiteTeam "Iceni"]
[BlackTeam "Fermented Sharks"]
[WhiteTeamCountry "ENG"]
[BlackTeamCountry "ENG"]

1. d4 d6 2. c4 g6 3. Nc3 Bg7 4. e4 e5 5. dxe5 dxe5 6. Qxd8+ Kxd8 7. Nf3 c6 8. Be3 Kc7 9. Rd1 f6 10. Be2 Nh6 11. 0-0 Be6 12. h3 Nf7 13. b4 Rd8 14. Rxd8 Kxd8 15. Rd1+ Kc7 16. Nd2 Bh6 17. Bxh6 Nxh6 18. c5 Nd7 19. Nc4 Nf7 20. Nd6 Rd8 21. Bc4 Bxc4 22. Nxc4 Nf8 23. Rxd8 Kxd8 24. f3 Ne6 25. Ne2 Kc7 26. Kf2 b6 27. cxb6+ axb6 28. Ke3 b5 29. Nd2 Nd6 30. Kd3 Kb6 31. Kc3 h5 32. h4 c5 33. bxc5+ Nxc5 34. Nc1 f5 35. Ncb3 Ne6 36. g3 fxe4 37. fxe4 g5 38. hxg5 Nxg5 39. Kd3 Kc6 40. Ke3 Kb6 41. Kd3 Kc6 42. Ke3 Nc4+ 43. Nxc4 bxc4 44. Nc1 Kb5 45. Ne2 Kb4 46. Nf4 exf4+ 47. gxf4 Nf7 48. e5 h4 49. e6 Nd6 50. Kd4 h3 51. Kd5 Ne8 0-1